Statystyki dla Państwa na literę ,,B"

Kliknij tutaj aby rozwiązać quiz!

Ogólne statystyki

  • Ten quiz został rozwiązany 53 razy
    (44 od ostatniego zresetowania)
  • Średni wynik to 11 z 17

Statystyki odpowiedzi

Kraj% Poprawnych
Brazylia
93%
Belgia
86%
Białoruś
76%
Bułgaria
76%
Boliwia
71%
Belize
69%
Bangladesz
62%
Bośnia i Hercegowina
62%
Botswana
62%
Bahamy
60%
Barbados
60%
Burundi
60%
Benin
55%
Bhutan
52%
Brunei
52%
Burkina Faso
52%
Bahrajn
45%

Rozkład punktacji

Percentyl według liczby udzielonych odpowiedzi

Procent ludzi z każdym wynikiem

Twoja historia wyników

Nie rozwiązałeś tego quizu od ostatniego zresetowania